Active experiences for active children.Science / (Record no. 1618)

000 -LEADER
fixed length control field 01029cam a2200313 a 4500
001 - CONTROL NUMBER
control field 16732774
003 - CONTROL NUMBER IDENTIFIER
control field OSt
005 - DATE AND TIME OF LATEST TRANSACTION
control field 20150416162055.0
008 - FIXED-LENGTH DATA ELEMENTS--GENERAL INFORMATION
fixed length control field 110412s2012 maua b 001 0 eng
010 ## - LIBRARY OF CONGRESS CONTROL NUMBER
LC control number 2011015589
020 ## - INTERNATIONAL STANDARD BOOK NUMBER
International Standard Book Number 9780132659550 (pbk.)
020 ## - INTERNATIONAL STANDARD BOOK NUMBER
International Standard Book Number 0132659557
040 ## - CATALOGING SOURCE
Original cataloging agency DLC
Transcribing agency DLC
Modifying agency DLC
042 ## - AUTHENTICATION CODE
Authentication code pcc
050 00 - LIBRARY OF CONGRESS CALL NUMBER
Classification number LB1139.5.S35S44 2011
082 00 - DEWEY DECIMAL CLASSIFICATION NUMBER
Classification number 372.7/044
Edition number 22
100 1# - MAIN ENTRY--PERSONAL NAME
Personal name Seefeldt, Carol.
245 10 - TITLE STATEMENT
Title Active experiences for active children.Science /
Statement of responsibility, etc Carol Seefeldt, Alice Galper, Ithel Jones.
250 ## - EDITION STATEMENT
Edition statement 3rd ed.
260 ## - PUBLICATION, DISTRIBUTION, ETC. (IMPRINT)
Place of publication, distribution, etc Boston :
Name of publisher, distributor, etc Pearson,
Date of publication, distribution, etc c2012.
300 ## - PHYSICAL DESCRIPTION
Extent xv, 191 p. :
Other physical details ill. ;
Dimensions 28 cm.
504 ## - BIBLIOGRAPHY, ETC. NOTE
Bibliography, etc Includes bibliographical references (p. 176-180) and index.
650 #0 - SUBJECT ADDED ENTRY--TOPICAL TERM
Topical term or geographic name as entry element Science
General subdivision Study and teaching (Early childhood)
-- Activity programs.
700 1# - ADDED ENTRY--PERSONAL NAME
Personal name Galper, Alice.
700 1# - ADDED ENTRY--PERSONAL NAME
Personal name Jones, Ithel.
906 ## - LOCAL DATA ELEMENT F, LDF (RLIN)
a 7
b cbc
c orignew
d 1
e ecip
f 20
g y-gencatlg
942 ## - ADDED ENTRY ELEMENTS (KOHA)
Source of classification or shelving scheme
Koha item type Book
Holdings
Withdrawn status Lost status Source of classification or shelving scheme Damaged status Not for loan Home library Current library Shelving location Date acquired Total Checkouts Full call number Barcode Date last seen Copy number Price effective from Koha item type
          Riara University Library Riara University Library General stack 16/04/2015   LB1139.5.S35S44 2011 5562/15 16/04/2015 c.1 16/04/2015 Book
          Riara University Library Riara University Library General stack 16/04/2015   LB1139.5.S35S44 2011 5561/15 16/04/2015 c.2 16/04/2015 Book
          Riara University Library Riara University Library General stack 16/04/2015   LB1139.5.S35S44 2011 5560/15 16/04/2015 c.3 16/04/2015 Book

Riara University Library,
P.O. Box 49940-00100,
Nairobi, Kenya.